000
00332nam a2200145Ia 4500
100
_a
Mithal/G.K/ Mithal/Ravi
490
_v
I
942
_c
BK
654
_a
electronic
245
_a
Electronic devices and circuits
260
_b
Tata Mc Graw hill
_a
New Delhi
_c
1988
082
_a
621.381
_b
MIT
300
_a
768
546
_a
ENGLISH
999
_c
22838
_d
22838